|
|
|
|
| LEADER |
00975nam a22002417a 4500 |
| 001 |
BD-DhAAL |
| 003 |
BD-DhAAL |
| 005 |
20160306095534.0 |
| 008 |
160306s 1994bg ||||| |||| 00| 0 ben d |
| 020 |
|
|
|a 9840730762
|
| 040 |
|
|
|a BD-DhAAL
|c BD-DhAAL
|
| 082 |
|
|
|a 891.444
|
| 100 |
|
|
|a খাতুন, সানজীদা
|9 18368
|
| 245 |
|
|
|a রবীন্দ্রনাথ :
|b বিবিধ সন্ধান /
|c সানজীদা খাতুন
|
| 250 |
|
|
|a 1st ed.
|
| 260 |
|
|
|a ঢাকা :
|b বাংলা একাডেমী ,
|c ১৯৯৪
|
| 300 |
|
|
|a ১৫৭ পৃ. :
|b চিত্র ;
|c ২২ সে.মি.
|
| 541 |
|
|
|e 4454
|
| 650 |
|
|
|a বাংলা প্রবন্ধ
|9 18369
|
| 852 |
|
|
|a Savar Campus Library
|c General Shelf
|
| 942 |
|
|
|2 ddc
|c BK
|
| 999 |
|
|
|c 37047
|d 37047
|
| 952 |
|
|
|0 0
|1 0
|2 ddc
|4 0
|6 891_444000000000000_KHA
|7 0
|9 58294
|a SCL
|b SCL
|c GEN
|d 2016-03-06
|g 60.00
|l 1
|o 891.444 KHA
|p 3020004454
|r 2019-03-24
|s 2019-03-08
|t 1
|w 2016-03-06
|y BK
|